[Event "1st Gujarat GM Open 2018"]
[Site "Ahmedabad"]
[Date "2018.10.10"]
[Round "8"]
[White "Rakshitta Ravi"]
[Black "Manish Anto Cristiano F"]
[Result "1-0"]
[WhiteElo "2160"]
[BlackElo "1961"]
[Annotator "NA RC"]
[PlyCount "117"]
[EventDate "2018.10.05"]
[EventType "swiss"]
[EventCountry "IND"]
[SourceTitle "playchess.com"]
[Source "ChessBase"]
[SourceQuality "1"]
[TimeControl "5400+30"]

1. e4 {[%emt 0:02:02]} c5 {[%emt 0:00:00]} 2. Nf3 {[%emt 0:00:11]} d6 3. d4 {[%emt 0:00:04]} cxd4 {[%emt 0:00:32]} 4. Nxd4 {[%emt 0:00:06]} Nf6 {[%emt 0:00:32]} 5. Nc3 {[%emt 0:00:05]} a6 {[%emt 0:00:29]} 6. Bg5 {[%emt 0:00:07]} e6 {[%emt 0:00:30]} 7. f4 {[%emt 0:00:24]} Be7 {[%emt 0:00:42]} 8. Qe2 {[%emt 0:00:19]} h6 {[%emt 0:00:21]} 9. Bh4 {[%emt 0:00:05] B98: Sicilian Najdorf: 6 Bg5 e6 7 f4 Be7, sidelines} (9. Bxf6 Bxf6 10. O-O-O Qc7 11. Qd2 Bd7 12. Kb1 b5 13. g4 b4 14. Nce2 Nc6 15. Nf3 Be7 16. h4 a5 {½-½ (48) Jobava,B (2669)-Yilmaz,M (2622) Izmir 2016}) 9... Nxe4 {[%emt 0:09:29]} 10. Bxe7 {[%emt 0:00:30]} Nxc3 {[%emt 0:00:13]} 11. Qc4 {[%emt 0:00:26]} Kxe7 {[%emt 0:02:15]} 12. Qxc3 {[%emt 0:00:04]} Re8 {[%emt 0:04:44]} 13. O-O-O {[%emt 0:00:32]} Kf8 {[%emt 0:00:42]} 14. Nf3 {[%emt 0:00:32]} Kg8 {[%emt 0:01:38]} 15. g4 $146 {[%emt 0:00:26]} ({Predecessor:} 15. Kb1 Qe7 16. Qd3 d5 {1-0 (29) Flores Quillas,D (1999)-Varillas Jimenes,I (1397) Lima 2017}) 15... d5 {[%emt 0:08:41]} 16. g5 {[%emt 0:04:29]} hxg5 {[%emt 0:06:18]} 17. fxg5 {[%emt 0:03:16]} Nc6 {[%emt 0:03:24]} 18. g6 {[%emt 0:06:47]} fxg6 {[%emt 0:01:38]} 19. Rg1 {[%emt 0:20:11]} Qf6 {[%emt 0:01:27]} 20. Qd3 {[%emt 0:02:29]} Qf5 {[%emt 0:08:28]} 21. Qa3 {[%emt 0:12:20]} ({White should try} 21. Ng5 $15) 21... Bd7 {[%emt 0:07:50]} (21... e5 $17 22. Kb1 Rd8) 22. Rg3 $17 {[%emt 0:01:18]} e5 {[%emt 0:03:34]} 23. Kb1 {[%emt 0:19:14]} Rac8 {[%emt 0:01:50]} 24. Bh3 {[%emt 0:03:33]} Qf7 {[%emt 0:01:25]} 25. Ng5 {[%emt 0:00:07]} Qe7 {[%emt 0:00:37]} 26. Qd3 {[%emt 0:00:50]} Bxh3 {[%emt 0:13:25]} 27. Qxg6 {[%emt 0:00:20]} Qf6 {[%emt 0:03:03]} 28. Qh7+ {[%emt 0:01:18]} Kf8 {[%emt 0:00:02]} 29. Rf3 {[%emt 0:02:22]} Qxf3 {[%emt 0:00:19]} 30. Qh8+ {[%emt 0:01:43]} Ke7 {[%emt 0:00:02]} 31. Qxg7+ {[%emt 0:00:05]} Kd6 {[%emt 0:00:17]} 32. Nxf3 {[%emt 0:00:25]} Re7 {[%emt 0:03:17]} 33. Qf6+ {[%emt 0:03:41]} Kc5 {[%emt 0:01:00]} 34. Rd3 {[%emt 0:01:41]} d4 {[%emt 0:01:14]} 35. c3 {[%emt 0:04:23]} Kc4 {[%emt 0:07:51]} 36. Kc2 {[%emt 0:02:13]} Kb5 {[%emt 0:01:14]} 37. Nxd4+ {[%emt 0:08:34]} exd4 {[%emt 0:00:51]} 38. Rxh3 {[%emt 0:00:05]} dxc3 {[%emt 0:00:41]} 39. Rxc3 {[%emt 0:01:32]} Re2+ {[%emt 0:00:20]} 40. Kd1 {[%emt 0:00:40]} Rxh2 {[%emt 0:00:27]} 41. Qf1+ {[%emt 0:00:18]} Ka5 {[%emt 0:00:37]} 42. Ra3+ {[%emt 0:00:25]} Kb6 {[%emt 0:00:42]} 43. Qg1+ {[%emt 0:00:01]} Kc7 {[%emt 0:00:02]} 44. Qxh2+ {[%emt 0:00:01]} Kb6 {[%emt 0:00:02]} 45. Rb3+ {[%emt 0:00:12]} Ka7 {[%emt 0:00:13]} 46. Qf2+ {[%emt 0:00:11]} Ka8 {[%emt 0:00:15]} 47. Qb6 {[%emt 0:00:05]} Rd8+ {[%emt 0:00:10]} 48. Kc1 {[%emt 0:00:17]} Rd7 {[%emt 0:00:20]} 49. Rc3 {[%emt 0:00:19]} Rd6 {[%emt 0:00:27]} 50. Rh3 {[%emt 0:01:09]} Rd8 {[%emt 0:00:15]} 51. Rh7 {[%emt 0:00:05]} Rb8 {[%emt 0:00:11]} 52. b4 {[%emt 0:00:05]} Na7 {[%emt 0:00:11]} 53. a4 {[%emt 0:00:27]} Nc8 {[%emt 0:00:17]} 54. Qd4 {[%emt 0:00:20]} Na7 {[%emt 0:00:09]} 55. b5 {[%emt 0:00:03]} axb5 {[%emt 0:00:09]} 56. axb5 {[%emt 0:00:02]} Nxb5 {[%emt 0:00:03]} 57. Qb6 {[%emt 0:01:11]} Na7 {[%emt 0:00:09]} 58. Kb1 {[%emt 0:00:07]} Nc6 {[%emt 0:00:12]} 59. Rg7 {[%emt 0:00:16]} 1-0

[Event "1st Gujarat GM Open 2018"]
[Site "Ahmedabad"]
[Date "2018.10.10"]
[Round "8"]
[White "Utsab Chatterjee"]
[Black "Audi Ameya"]
[Result "1-0"]
[WhiteElo "2149"]
[BlackElo "2375"]
[Annotator "TA"]
[PlyCount "50"]
[EventDate "2018.10.05"]
[EventType "swiss"]
[EventCountry "IND"]
[SourceTitle "playchess.com"]
[Source "ChessBase"]
[SourceQuality "1"]

{[%evp 23,50,0,4,-50,-40,-27,-43,-22,-35,-42,-41,-31,-33,-42,-52,-50,-73,-122,-109,-733,-700,-29980,-29981,-29981,-1208,-29982,-29983,-29998,0]} 1. e4 e5 2. Nf3 Nc6 3. Bb5 a6 4. Ba4 Nf6 5. d3 d6 6. c3 g6 7. O-O Bg7 8. Re1 O-O 9. Nbd2 b5 10. Bb3 Na5 {C77: Ruy Lopez: 3...a6 4 Ba4 Nf6, unusual lines} 11. Bc2 c5 12. Nf1 h6 {LiveBook: 19 Games. The position is equal.} 13. d4 (13. h3 $11) 13... exd4 $15 14. cxd4 Bg4 15. d5 {[#]} Re8 $146 ({Predecessor:} 15... Nc4 16. Ne3 Nxe3 17. Rxe3 Re8 18. h3 Bxf3 19. Qxf3 Nd7 20. Rb1 {½-½ (40) Sevian,S (2531)-Nakamura,H (2798) Saint Louis 2015}) 16. Ng3 Nc4 17. h3 Bxf3 $1 18. gxf3 Nh5 19. Nxh5 gxh5 20. Rb1 Qh4 $36 {[%mdl 2048] [#] And now ...Kh8 would win. Black is in control.} 21. b3 $2 {[%mdl 8192]} (21. f4 $17) 21... Bd4 $19 22. bxc4 Qg3+ 23. Kh1 Qxh3+ 24. Kg1 Kh8 25. Ra1 Kg8 $2 {[%mdl 32768] Precision: White = 44%, Black = 87%. . Sensor Board Error (Ke4/e5)?} (25... Rg8+ {mates} 26. Bg5 Rxg5#) 1-0

[Event "1st Gujarat GM Open 2018"]
[Site "Ahmedabad"]
[Date "2018.10.10"]
[Round "8"]
[White "Kiran, Manisha Mohanty"]
[Black "Sidhant, Mohapatra"]
[Result "1/2-1/2"]
[WhiteElo "2147"]
[BlackElo "2341"]
[Annotator "TA"]
[PlyCount "87"]
[EventDate "2018.10.05"]
[EventType "swiss"]
[EventCountry "IND"]
[SourceTitle "playchess.com"]
[Source "ChessBase"]
[SourceQuality "1"]

{[%evp 13,87,-5,51,0,9,-18,-2,-44,-16,-41,0,-31,-27,-34,-46,-88,-91,-96,-96,-97,-97,-97,-107,-95,-106,-122,-129,-127,-131,-133,-122,-132,-128,-137,-134,-162,-124,-249,-233,-232,-9,-183,-184,-231,-232,-206,-145,-191,-183,-187,-187,-205,-180,-179,-160,-189,-189,-198,-42,-60,0,0,0,0,0,0,0,0,0,0,0,0,0,0,0,0]} 1. e4 c5 2. Nf3 Nc6 3. Bb5 e6 4. O-O Nge7 5. Re1 a6 6. Bf1 d5 7. d3 Ng6 {LiveBook: 5 Partien. B30: Sizilianisch (Rossolimo-Variante)} (7... d4 $11) (7... d4 8. e5 Nd5 9. c4 dxc3 10. bxc3 Be7 11. c4 Nb6 12. Nc3 O-O 13. Ne4 Nd7 14. Bf4 b6 15. g3 {1-0 (52) Grischuk,A (2772)-Bocharov,D (2583) Riadh 2017}) 8. c3 Be7 9. e5 d4 10. Na3 O-O 11. Nc2 Qd5 $146 {[%cal Rc6e5]} ({Vorgänger:} 11... f6 12. cxd4 cxd4 13. exf6 Bxf6 14. Bd2 e5 {1-0 (56) Kriebel,T (2359)-Srbis,J (2286) Caldas Novas 2011}) 12. Qe2 b5 13. h4 Bxh4 14. g3 {Droht Lg2 und aus.} Be7 15. Bg2 Bb7 16. cxd4 Nxd4 17. Ncxd4 cxd4 18. Nh4 Qd7 $40 {[%mdl 128] Schwarz riecht Blut.} 19. Nxg6 fxg6 20. Bxb7 Qxb7 21. Qg4 Qd5 22. Re4 Rad8 {[%cal Ba8d8,Bd8d7,Bd7f7][%mdl 32]} 23. Bd2 Rf5 24. Ba5 Rd7 25. Rc1 (25. a3 $17) 25... Qxa2 $19 26. Rc8+ {[#]} Rf8 $2 ({Lieber} 26... Bf8 $1 $19 27. Be1 Qxb2) 27. Rxf8+ $2 (27. Rc6 $1 $11 {und Weiss ist OK.}) 27... Bxf8 28. Bb6 Rf7 29. Qe2 Qd5 30. Qc2 Qb7 31. Ba5 Rd7 32. b4 Be7 33. Qb2 Qd5 34. Qc2 {[#]} Qa8 $1 35. Qb2 Bd8 $2 (35... Rd5 $19 {Und weiter mit ...Dc8 wäre nett.} 36. Bb6 Qc6 37. Bxd4 Rd8) 36. Rxd4 $15 Rxd4 ({Günstiger ist} 36... Rd5 $15 37. Rxd5 Qxd5 38. Bxd8 Qxd8) 37. Qxd4 $11 {Die Stellung ist ausgeglichen.} Bxa5 38. bxa5 $15 {[%mdl 4096] Endspiel KD-KD} Qc8 39. Qd6 h5 40. d4 Kf7 41. d5 exd5 42. Qxd5+ Qe6 43. Qb7+ Kg8 44. Qb8+ {Precision: Weiß = 34%, Schwarz = 44%.} 1/2-1/2

[Event "1st Gujarat GM Open 2018"]
[Site "Ahmedabad"]
[Date "2018.10.10"]
[Round "8"]
[White "Michelle Catherina, P."]
[Black "Predke, Alexandr"]
[Result "0-1"]
[WhiteElo "2147"]
[BlackElo "2615"]
[Annotator "TA"]
[PlyCount "84"]
[EventDate "2018.10.05"]
[EventType "swiss"]
[EventCountry "IND"]
[SourceTitle "playchess.com"]
[Source "ChessBase"]
[SourceQuality "1"]

{[%evp 25,84,38,30,25,27,-83,-78,-79,0,-27,0,-30,52,-15,257,6,11,-176,-158,-152,-137,-108,-104,-105,-113,-124,-119,-135,-133,-138,-124,-314,-304,-306,-284,-314,-247,-288,37,47,33,47,79,93,57,72,135,0,0,0,0,0,24,-8,-8,-8,-8,-8,-8,-29981,-29980]} 1. e4 c5 2. Nf3 d6 3. d4 cxd4 4. Nxd4 Nf6 5. Nc3 a6 6. h3 e6 7. g4 h6 8. Bg2 g5 9. Be3 {B81: Sicilian Scheveningen: Keres Attack} Nbd7 10. Qe2 Ne5 11. O-O-O Nfd7 12. h4 Rg8 13. hxg5 hxg5 {LiveBook: 4 Games} 14. Kb1 b5 {[#]} 15. Nd5 $146 (15. f3 $11) ({Predecessor:} 15. f4 gxf4 16. Bxf4 Bb7 {½-½ (56) Karjakin,S (2773)-Mamedyarov,S (2801) Saint Louis 2018}) 15... exd5 $17 16. exd5 Nb8 ({Black should try} 16... Qf6 $17 {Strongly threatening ...Nb6.} 17. Rde1 Bb7) 17. Rde1 Qf6 (17... Bxg4 18. f3 $17) 18. Qd2 Be7 (18... Bxg4 $11 19. Qa5 Nbd7 20. Nxb5 Rb8 21. Qxa6 Be7) 19. Qc3 (19. Rhf1 $14) 19... Bxg4 $2 {[%mdl 8192] [#]} (19... Nbd7 $1 $11) 20. Qc7 $2 ({White must play} 20. f3 $1 $18 {[%mdl 512]}) 20... Nbd7 $11 {[#] ...Nc4 is the strong threat.} 21. Nc6 $2 (21. f3 $1 $11 {[%mdl 512]} Bf5 (21... Nxf3 22. Bxf3) 22. Nxf5 Qxf5 23. Bh3) 21... Kf8 $1 $19 22. Bd4 Re8 23. Be4 Rh8 24. Rxh8+ Qxh8 {[#]} 25. a4 $1 {[%mdl 512]} Qf6 (25... bxa4 26. Rh1 $15) 26. Rh1 Kg8 $1 {Threatens to win with ...Bf8.} ({Much worse is} 26... bxa4 $6 27. f3 $1 $11 {[%mdl 512]}) 27. axb5 axb5 {[#] White must now prevent ...Bf8.} 28. f3 $1 {[%mdl 512]} Bxf3 (28... Nxf3 29. Nxe7+) 29. Nxe7+ Rxe7 ({Inferior is} 29... Qxe7 30. Bxf3 b4 31. Qb7 $11) 30. Qd8+ Nf8 31. Rf1 {[#]} Qf4 $2 ({Weaker is} 31... g4 32. Bxf3 Qg5 33. Bd1 $14) ({Black should play} 31... Re6 $1 $19 32. Qxf6 Rxf6 33. Bxe5 dxe5 34. Rxf3 Rxf3 35. Bxf3 f5) 32. Qxe7 $14 Qxe4 33. Bxe5 Qxe5 34. Qxe5 dxe5 35. Rxf3 {[%mdl 4096] Endgame And now Rf5 would win. KR-KN} Kg7 36. b3 (36. Rb3 $16) 36... g4 $11 37. Rg3 f5 38. c4 Nd7 39. Kc2 b4 40. Rg1 Kf6 41. Kd2 Nc5 {aiming for ...g3.} 42. Rg3 $2 {[%mdl 8192]} (42. Ke2 $11) 42... Ne4+ {Precision: White = 28%, Black = 56%.} 0-1

[Event "1st Gujarat GM Open 2018"]
[Site "Ahmedabad"]
[Date "2018.10.10"]
[Round "8"]
[White "Ramnathan, Balasubramaniam"]
[Black "Rathanvel, V S"]
[Result "0-1"]
[WhiteElo "2142"]
[BlackElo "2341"]
[Annotator "TA"]
[PlyCount "124"]
[EventDate "2018.10.05"]
[EventType "swiss"]
[EventCountry "IND"]
[SourceTitle "playchess.com"]
[Source "ChessBase"]
[SourceQuality "1"]

{[%evp 21,124,-24,8,1,18,-111,-122,-122,-125,-162,-150,-185,-181,-221,-218,-170,-153,-176,-147,-139,-77,-168,-104,-104,-97,-97,-99,-95,-91,-100,-104,-100,-79,-105,-99,-113,-66,-60,-60,-75,-62,-148,-114,-152,-162,-150,-131,-181,-185,-170,-110,-105,-22,-135,-112,-125,-18,-14,0,-142,-129,-572,-563,-532,-525,-535,-548,-641,-550,-584,0,-589,0,-589,-574,-558,-525,-493,-525,-533,-532,-639,-586,-816,-801,-787,-797,-916,-949,-926,-895,-1164,-1150,-1127,-1097,-1517,-1502,-29986,-29986,-29986,-29987,-29987,-29982,-7308,-3446]} 1. Nf3 Nf6 2. b3 d5 3. Bb2 g6 4. g3 Bg7 5. Bg2 O-O 6. O-O c5 7. c4 d4 8. b4 Nfd7 9. bxc5 Nxc5 10. d3 Nc6 11. Nbd2 Re8 {LiveBook: 7 Games} 12. Rb1 {A05: Réti Opening: 1 Nf3 Nf6} e5 13. Ne4 $146 (13. Ba3 $11 {keeps the balance.} Qa5 14. Bxc5 Qxc5 15. Ne4) ({Predecessor:} 13. Ne1 Qc7 14. Ba3 Qa5 15. Bxc5 Qxc5 16. Rb5 Qe7 17. Qb1 Qc7 18. Nc2 Rb8 19. c5 Be6 {1-0 (29) Brunello,S (2553)-Hansen,M (2347) Katowice 2017}) 13... Nxe4 $17 14. dxe4 {Black is better.} Be6 15. Nd2 Na5 16. Qa4 Rc8 17. Rbc1 Bh6 18. f4 Qc7 {[%cal Re5f4]} 19. c5 Nc6 {[%cal Re5f4]} 20. Nf3 f6 (20... exf4 $142 21. g4 b5 22. cxb6 Qxb6) 21. Rcd1 {[#]} (21. Rb1 $17) 21... Qe7 ({Don't play} 21... exf4 22. gxf4 Bxf4 23. Kh1 $17) (21... b5 $1 $19 {[%cal Rb5a4]} 22. Qa6 Bc4) 22. fxe5 fxe5 23. Bc1 Bxc1 24. Rxc1 Rc7 25. a3 Rec8 26. h4 Kg7 27. Kh2 a6 28. Ne1 Nb8 {[%cal Bc6b8,Bb8d7,Bd7c5][%mdl 32]} 29. Nd3 Nd7 {[%cal Rd7c5]} 30. Qb4 Bg4 31. Rc2 (31. Bf3 $1 $15 Bxf3 32. Rxf3) 31... Nxc5 {And now ...Bxe2! would win.} 32. Nf2 Be6 33. Rfc1 Qd6 34. a4 b6 35. a5 {[#]} bxa5 ({Black should play} 35... Rc6 $1 $19 36. axb6 Rxb6) 36. Qxa5 Rc6 (36... Rf7 $17 {Strongly threatening ...Nb3.} 37. Rxc5 Rxc5 38. Rxc5 Rxf2) 37. Qa3 (37. Bh3 $11 {remains equal.}) 37... Bd7 38. Qa5 Qc7 (38... R8c7 $17 {White must now prevent ...Nb3.} 39. Rb1 h6) 39. Qa3 $11 Qd6 ({Black should try} 39... Qb6 $11) 40. Qa5 $1 $17 R8c7 $36 {[%mdl 2048] Threatens to win with ...Nb3. White is under strong pressure.} 41. Bh3 $2 {[%mdl 8192]} (41. Rb1 $17) 41... Nb3 $19 42. Rxc6 Bxc6 (42... Nxa5 $2 {perishes.} 43. Rxd6 Rxc1 44. Rxd7+ $18) 43. Rxc6 Rxc6 (43... Nxa5 $2 {too greedy.} 44. Rxd6 Rc2 45. Rxa6 $18) 44. Qa2 Nc5 45. Qd2 Nb3 46. Qa2 $1 Nc5 47. Qd2 $1 h5 48. Bg2 Ne6 49. Nd3 Rc3 50. Qa2 Nd8 51. Qa5 Nf7 52. Bf3 Ra3 53. Qd2 a5 {[%cal Ba6a5,Ba5a4,Ba4a3][%mdl 32]} 54. g4 hxg4 55. Bxg4 Qf6 56. Kg3 a4 57. Bf3 Rc3 58. Qa2 a3 59. Nb4 Qf4+ 60. Kg2 Qxh4 61. Nd3 Qg5+ 62. Kh2 Rc8 {Precision: White = 41%, Black = 57%.} 0-1

[Event "1st Gujarat GM Open 2018"]
[Site "Ahmedabad"]
[Date "2018.10.10"]
[Round "8"]
[White "Anadkat Kartavya"]
[Black "Kunal, M.."]
[Result "0-1"]
[WhiteElo "2109"]
[BlackElo "2270"]
[Annotator "TA"]
[PlyCount "84"]
[EventDate "2018.10.05"]
[EventType "swiss"]
[EventCountry "IND"]
[SourceTitle "playchess.com"]
[Source "ChessBase"]
[SourceQuality "1"]

{[%evp 17,84,10,25,0,0,0,0,0,0,0,6,0,-14,-3,13,-12,20,-12,-4,-17,10,10,32,-1,12,10,0,0,0,-22,30,20,23,6,18,-7,-6,-6,-8,-7,0,-8,-7,-24,0,0,1,-14,-15,-21,-31,-79,-56,-93,-88,-215,-213,-277,-285,-423,-296,-293,-286,-665,-641,-29969,-5761,-2168,-1095]} 1. e4 e5 2. Nf3 Nc6 3. Bc4 Nf6 4. d3 Be7 5. O-O O-O 6. Re1 d6 7. a4 Be6 8. a5 a6 9. c3 {C55: Two Knights: 4 d3, 4 d4 exd4 5 e5 and Max Lange Attack} (9. Nbd2 Qd7 10. c3 h6 11. Qb3 Rab8 12. h3 Kh8 13. Nf1 Nh5 14. d4 Bxc4 15. Qxc4 f5 16. dxe5 Nxe5 17. Qe2 Ng6 18. exf5 Rxf5 {½-½ (44) Heberla,B (2558)-Wang,H (2706) Czech Republic 2018}) 9... Qd7 {LiveBook: 3 Games} 10. Ng5 $146 ({Predecessor:} 10. Nbd2 Rfe8 11. Ng5 Bxc4 12. dxc4 Ng4 13. Nf1 Bxg5 14. Bxg5 f6 15. Be3 f5 16. exf5 Qxf5 {0-1 (39) Yudin,S (2508)-Gutov,A (2505) Tomsk 2007}) 10... Bg4 11. Qb3 {[%cal Rg5f7] The position is equal.} Nd8 {[%cal Bc6d8,Bd8e6,Be6f4][%mdl 32]} 12. h3 Bh5 $1 {aiming for ...h6.} 13. Nd2 {[%cal Bb1d2,Bd2f1,Bf1g3][%mdl 32]} c6 14. Qc2 h6 15. Ngf3 Re8 16. Nh2 Ne6 17. Ndf1 d5 18. Ba2 dxe4 19. dxe4 Nf4 20. Bc4 Rad8 21. Ng3 {Bxf4 is the strong threat.} Bg6 22. Be3 {[#]} N6d5 $1 {[%mdl 512]} 23. Nf3 (23. exd5 Bxc2) 23... Qc7 ({Better is} 23... Nxe3 24. fxe3 Ne6) 24. Bc1 $11 Bc5 25. b4 Ba7 26. Qb3 Nf6 27. Be3 $132 {[%mdl 2048] White has counterplay} Bxe3 28. Rxe3 Rd7 29. Bf1 Red8 30. c4 (30. Nh4 {seems wilder.} Kh7 31. Ree1 N6h5 32. Nxg6 Nxg3 33. Nxf4 Nxf1 34. Kxf1 exf4 35. e5) 30... N4h5 (30... Ne6 {with more complications.} 31. Qc3 c5 32. b5 Nd4 33. Nh4 Nh5) 31. Nxh5 Bxh5 32. Ne1 Bg6 33. f3 Nh5 34. Kh2 Rd4 35. Nd3 Qe7 $1 36. Rae1 (36. Nc5 $17) 36... Qg5 $1 $19 37. g4 Nf4 38. Nxf4 (38. Qc2 $142) 38... Qxf4+ 39. Kg2 h5 {[%cal Bh6h5,Bh5h4][%mdl 32]} 40. R1e2 $2 (40. Bd3) 40... h4 {Strongly threatening ...Qg3+.} 41. Re1 Rd2+ (41... Qg3+ $142 42. Kh1 Rd2 43. R3e2 {[#]} Bxe4 $1 {[%mdl 512]} 44. Bg2 Bd3 45. f4 Bxe2 46. Qxg3 hxg3 47. Rg1 Bf3 $1 {[%mdl 512]} 48. Rf1 Bxg2+ 49. Kg1 Bxf1 50. Kxf1 exf4 51. Kg1 f3 52. h4 Rd1#) 42. R3e2 R8d3 {Precision: White = 25%, Black = 70%.} 0-1

[Event "1st Gujarat GM Open 2018"]
[Site "Ahmedabad"]
[Date "2018.10.10"]
[Round "8"]
[White "Satkar, Chirag"]
[Black "Kushagra Mohan"]
[Result "1/2-1/2"]
[WhiteElo "2089"]
[BlackElo "2283"]
[Annotator "TA"]
[PlyCount "93"]
[EventDate "2018.10.05"]
[EventType "swiss"]
[EventCountry "IND"]
[SourceTitle "playchess.com"]
[Source "ChessBase"]
[SourceQuality "1"]

{[%evp 25,93,55,57,34,34,27,30,27,27,29,30,41,42,6,25,25,26,21,19,0,0,0,14,18,25,25,58,0,62,51,104,73,65,69,87,65,79,13,8,12,17,20,11,0,0,0,0,0,0,0,0,0,0,0,0,0,0,0,0,0,0,0,0,0,0,0,0,0,0,0]} 1. d4 Nf6 2. c4 g6 3. Nc3 Bg7 4. e4 d6 5. Be2 O-O 6. Nf3 c5 7. d5 e6 8. O-O exd5 9. exd5 Re8 10. h3 Bf5 11. Bd3 {E91: King's Indian: Classical: 6 Be2, unusual replies including 6...c5 and 6...Bg4} Ne4 12. Nxe4 Bxe4 13. Bxe4 Rxe4 {LiveBook: 38 Games} 14. Bg5 (14. Qc2 Re8 15. Bf4 Qc7 16. Ng5 Nd7 17. Ne4 Ne5 18. Rae1 h6 {½-½ (44) Meier,G (2644)-Smirin,I (2644) Jerusalem 2017}) 14... Qc7 15. Qc2 Re8 $1 16. Rae1 Nd7 17. b3 $146 ({Predecessor:} 17. Re2 h6 18. Bf4 Rxe2 19. Qxe2 {½-½ (42) Meissner,B (2410)-Hausrath,D (2528) Germany 2010}) 17... Ne5 18. Nd2 {[%cal Bf3d2,Bd2b1,Bb1c3,Bc3e4][%mdl 32]} f5 19. Nb1 Qf7 20. Nc3 a6 21. a4 f4 22. Ne4 Qf8 23. f3 h6 24. Bh4 g5 25. Bf2 $1 Qf5 26. Qb1 (26. a5 $14) 26... Rad8 ({Black should play} 26... Qg6 $11) 27. b4 $14 b6 {[#]} (27... cxb4 $14 28. Qxb4 Nd3 29. Qxb7 Nxe1 30. Rxe1 Qc8 31. Qxc8 Rxc8) 28. a5 $1 $16 {[%cal Ra5b6]} Nxc4 29. axb6 cxb4 30. Qxb4 Qxd5 31. Rc1 ({Better is} 31. b7 $16) 31... Ne3 $132 {[%mdl 2048] The position is equal. Black is not keeping still} 32. Rfe1 Qb5 33. Qxb5 axb5 34. b7 Be5 35. Rb1 d5 36. Nc5 $1 Bc3 37. Rxb5 {aiming for Reb1.} Bxe1 38. Bxe1 {Black must now prevent Ba5.} Nc4 39. Bc3 d4 {[#]} 40. Bxd4 $1 {[%mdl 512]} Rxd4 41. b8=Q Rxb8 42. Rxb8+ {KRN-KRN} Kh7 43. Ne4 Ne3 44. Rb7+ Kg6 45. Rb6+ Kh7 46. Rb7+ Kg6 47. Rb6+ {Precision: White = 71%, Black = 73%.} 1/2-1/2

[Event "1st Gujarat GM Open 2018"]
[Site "Ahmedabad"]
[Date "2018.10.10"]
[Round "8"]
[White "Barath Kalyan M"]
[Black "Deshmukh, Anup"]
[Result "0-1"]
[WhiteElo "2084"]
[BlackElo "2267"]
[Annotator "TA"]
[PlyCount "140"]
[EventDate "2018.10.05"]
[EventType "swiss"]
[EventCountry "IND"]
[SourceTitle "playchess.com"]
[Source "ChessBase"]
[SourceQuality "1"]

{[%evp 13,139,-3,0,-11,-9,-9,-18,-13,0,-21,-19,-19,-4,-4,-11,-35,-26,-35,-34,-36,-33,-37,-41,-36,-43,-31,-34,-49,-48,-54,0,0,0,-23,-19,-14,-8,-23,-20,-22,-19,-37,-13,-66,-18,-27,30,37,49,10,150,27,29,-134,-156,-368,-365,-366,-367,-342,-140,-144,-135,-143,-148,-136,-116,-444,-454,-426,-102,-199,-191,-583,-583,-583,-583,-583,-577,-583,-552,-550,1820,-575,0,-527,-518,-568,-558,-621,-606,-695,-685,-726,-697,-754,-760,-782,-777,-1351,-1323,-1299,-1254,-4125,-1898,-2100,-1784,-1383,-901,-5259,-4150,-12797,-6340,-5628,-1058,-5945,-5797,-1762,-916,-29983,-29984,-29991,-29992,-29994,-29993,-29995,-29996,-29999]} 1. d4 Nf6 2. Nf3 c5 3. e3 b6 4. Bd3 Bb7 5. O-O g6 6. b3 Bg7 7. Bb2 O-O 8. Nbd2 {A48: 1 d4 Nf6 2 Nf3 g6: Torre, London and Colle Systems} Nc6 9. c4 (9. a3 cxd4 10. exd4 d6 11. Re1 Nh5 12. Nc4 e6 {0-1 (51) Berescu,A (2454)-Sethuraman,S (2656) Benasque 2016}) 9... e6 10. Rc1 {The position is equal.} Qc7 11. Qe2 $146 ({Predecessor:} 11. a3 Ne7 12. b4 d6 13. Re1 Rac8 14. e4 cxd4 15. Nxd4 {1-0 (61) Truksa,V (1883)-Srejber,M (2144) Harrachov 2009}) 11... d6 12. Rfd1 Rfe8 13. a3 Rad8 14. Bc3 e5 15. d5 Nd4 $1 {[%cal Rd4e2]} 16. Qf1 Nxf3+ 17. gxf3 Nh5 18. Ne4 f5 19. Ng3 {Strongly threatening Nxh5.} Nf6 20. Qg2 Bc8 21. Kh1 Kf7 (21... Qe7 $15) 22. Rg1 $1 $11 {Black must now prevent Nxf5!} Rg8 23. Rcd1 Qe7 24. Rde1 Bh8 25. Bc2 Qf8 26. b4 Qh6 27. bxc5 bxc5 28. Qf1 (28. Ba4 $11) 28... Qh4 29. Ba5 Rde8 ({Black should play} 29... Rdf8) 30. Bc7 Ke7 31. Rb1 (31. f4 $5) 31... Ba6 {[#]} (31... e4 $1 $11 32. fxe4 fxe4) 32. Bxf5 ({White must play} 32. Qe1 $1 $16) 32... Qxc4 (32... Bxc4 $2 33. Qd1 $18) 33. Qh3 $2 (33. Be6 $1 $11 Qxf1 34. Rgxf1) 33... Qxd5 $17 34. Ne4 $2 (34. Be4 $17 {was called for.} Qe6 35. Qh4) 34... gxf5 $19 35. Bxd6+ Ke6 36. Nxc5+ Kf7 (36... Kxd6 $19 {is more deadly.} 37. Nxa6 Rxg1+ 38. Rxg1 Qc4 39. Rd1+ Ke7) 37. Rgd1 $17 {[#]} Bf1 $1 {[%mdl 512]} 38. Rxf1 Qxd6 39. Nb7 Qa6 {And now ...Rb8 would win.} ({Much worse is} 39... Qxa3 $6 40. Rfd1 $11) 40. Rfd1 $2 {[%mdl 8192]} (40. Nc5 $17 Qxa3 41. Rfc1) 40... Rb8 $19 41. Nc5 Qc6 $2 (41... Rxb1 $19 42. Rxb1 Qd6) 42. Rxb8 (42. Rbc1 $17 {is a better defense.} Rgd8 43. Rxd8 Rxd8 44. Qxf5) 42... Rxb8 $40 {[%mdl 128] Black is out for blood.} 43. Nd7 $2 (43. Nd3 Qc2 44. Qf1) 43... Nxd7 44. Qxh7+ Bg7 45. Qxf5+ Ke7 46. Rg1 Qf6 47. Qe4 Qc6 $4 {[%mdl 8192]} (47... Rb2 $19 48. Rg6 Qf7) 48. Qf5 $4 {[%mdl 8192]} (48. Rxg7+ $18 {avoids the disaster.} Kf8 49. Qxc6 Kxg7 50. Qxd7+ Kg8 51. Qxa7) 48... Qf6 49. Qe4 $1 Rh8 50. Rg6 Qf7 ({Inferior is} 50... Nc5 51. Qg4 $11) 51. Qb4+ Ke8 52. Qg4 Bf6 53. Qf5 Ke7 54. Rg2 Qc4 55. Qb1 a5 56. f4 exf4 57. exf4 Qxf4 58. Qe1+ Be5 59. Rg3 Qh4 {[%csl Gh8][%cal Rh4h2]} 60. h3 Qf6 61. Kg2 Qc6+ 62. Kg1 Kf6 63. f4 Bxf4 64. Qf1 Rh4 65. Rf3 Qe4 66. a4 Ne5 {Black mates.} 67. Qa1 Rh5 ({Stronger than} 67... Qxf3 68. Qxe5+ Bxe5 $11) 68. h4 Rh7 69. Rf2 Rg7+ 70. Rg2 Qxg2# {Precision: White = 23%, Black = 56%.} 0-1